Rgvedic culture / (Record no. 55066)

MARC details
000 -LEADER
fixed length control field 01279nam a22002537a 4500
005 - DATE AND TIME OF LATEST TRANSACTION
control field 20110809122414.0
010 ## - LCCN (DPL NO)
LC control number B-425143-144
020 ## - INTERNATIONAL STANDARD BOOK NUMBER
Terms of availability 995.00
International Standard Book Number 8177451900
035 ## - SYSTEM CONTROL NUMBER
System control number B-425143-144
037 ## - SOURCE OF ACQUISITION
Source of stock number/acquisition Researchco Book Centre
082 00 - DEWEY DECIMAL CLASSIFICATION NUMBER
Classification number 220.21
100 1# - MAIN ENTRY--PERSONAL NAME
Personal name Das, Abinas Chandra.
245 10 - TITLE STATEMENT
Title Rgvedic culture /
Statement of responsibility, etc by Abinas Chandra Das.
260 ## - PUBLICATION, DISTRIBUTION, ETC. (IMPRINT)
Place of publication, distribution, etc New Delhi :
Name of publisher, distributor, etc Mohit Publications,
Date of publication, distribution, etc 2002
270 ## - ADDRESS
Address 4675/21, Ansari Road,
City New Delhi
Postal code 110002
300 ## - PHYSICAL DESCRIPTION
Extent x, 564 p.,:
Other physical details ill., maps ;
Dimensions 22 cm. (Hb)
500 ## - GENERAL NOTE
General note Includes bibliographical references and index
500 ## - GENERAL NOTE
General note Includes index.
504 ## - BIBLIOGRAPHY, ETC. NOTE
Bibliography, etc .Reprint. Originally published: Calcutta : R. Cambray, 1925.
942 ## - ADDED ENTRY ELEMENTS (KOHA)
Source of classification or shelving scheme Dewey Decimal Classification
Item type English Books
Classification part 220.21
Call number suffix DAS
Holdings
Withdrawn status Lost status Not for loan Collection code Home library Current library Date acquired Source of acquisition Cost, normal purchase price Full call number Barcode Copy number Cost, replacement price Koha item type
      Non-fiction Central Library Central Library 10/08/2011 Researchco Book Centre/RBC-22386/2011-12/14.3.11/76/4.3.11/23.3.11 995.00 220.21 DAS B-425143 1 995.00 English Books
      Non-fiction Sarojini Nagar Sarojini Nagar 10/08/2011 Researchco Book Centre/RBC-22386/2011-12/14.3.11/76/4.3.11/23.3.11 995.00 220.21 DAS B-425144 1 995.00 English Books

© Delhi Public Library
Hit Counter
free hit counter